[Event "Begonia op 52nd"]
[Site "Ballarat"]
[Date "2018.03.11"]
[Round "3"]
[White "Solomon, Stephen J"]
[Black "Naughton, Ben"]
[Result "1-0"]
[WhiteElo "2349"]
[BlackElo "1332"]
[PlyCount "61"]
[EventDate "2018.03.10"]
[EventType "swiss"]
[EventRounds "7"]
[EventCountry "AUS"]
[SourceTitle "CBM 183 Extra"]
[Source "ChessBase"]
[SourceDate "2018.04.19"]
[SourceVersion "1"]
[SourceVersionDate "2018.04.19"]
[SourceQuality "1"]

1. e4 e5 2. Nf3 Nc6 3. Bb5 Bc5 4. 0-0 d6 5. c3 a6 6. Bxc6+ bxc6 7. d4 exd4 8. cxd4 Bb6 9. Bg5 f6 10. Be3 Bg4 11. h3 Bh5 12. Nbd2 Ne7 13. Re1 Qd7 14. Nf1 g5 15. Ng3 Bg6 16. e5 Nf5 17. e6 Qc8 18. Nxf5 Bxf5 19. d5 c5 20. Qa4+ Ke7 21. Nxg5 Rg8 22. Nf3 Bxh3 23. Nh4 Bg4 24. f3 Qe8 25. Qxe8+ Raxe8 26. fxg4 Rxg4 27. Nf5+ Kd8 28. Kf2 c4 29. Kf3 Reg8 30. Bxb6 cxb6 31. e7+ 1-0